000 00379nam a2200145Ia 4500
008 210716s2008 xx 000 0 und d
020 _a9788184045512
041 _aeng
082 _a657.45 BARP
245 _aEnterprise multiplatform auditing.
250 _a1
260 _aBangalore
_bShroff Publishers and Distributors Pvt Ltd
_c2008
300 _axii,339
650 _aNone
999 _c204768
_d204768